banner-ar

رائد نهضة ماليزيا مهاتير محمد / (Record no. 60804)

MARC details
000 -الفاتح
حقل البيانات ثابتة الطول 01012nam a22002537a 4500
005 - وقت وتاريخ اخر تعامل مع التسجيلة
رقم الضبط 20240530110429.0
008 - عناصر البيانات ثابتة الطول - معلومات عامة
حقل البيانات ثابتة الطول 150329s2012 ua ao f b 000 0 ara d
017 ## - رقم الايداع القانونى
رقم الايداع القانونى 2010/11238
المصدر ( الهيئة المختصة) مصر . دار الكتب المصرية
020 ## - الرقم الدولى المعيارى للكتب
الرقم الدولى المعيارى للكتاب 9789774555802
040 ## - مصدر الفهرسة
وكالة الفهرسة الأصلية EG-CaGPL
082 04 - رقم تصنيف ديوى العشرى
رقم الطبعة 21
رقم التصنيف 923.1595\
رقم المادة ع ر
100 0# - المدخل الرئيسى - إسم شخصى
الإسم الشخصى عطيات ابو العنين
245 10 - بيان العنوان
العنوان رائد نهضة ماليزيا مهاتير محمد /
بيان المسئوليه,etc تاليف عطيات ابو العنين
250 ## - بيان الطبعة
بيان الطبعة ط2
260 ## - PUBLICATION, DISTRIBUTION, ETC. (IMPRINT)
تاريخ النشر أو التوزيع 2012.
300 ## - الوصف المادى
التعداد 288 ص :
تفاصيل ماديه اخرى للوعاء صور ؛
أبعاد الوعاء 19 سم.
490 ## - بيان السلسلة
عنوان السلسلة مشاهير عبر التاريخ
504 ## - تبصرة ببليوجرافية
تبصرة ببليوجرافية,الخ يشتمل على ارجاعات ببليوجرافية
600 0# - المدخل الاضافى بالموضوع-اسم شخصى
الإسم الشخصى مهاتير محمد
651 04 - المدخل الاضافى بالموضوع - اسم جغرافى
الاسم الجغرافي ماليزيا
التقسيم الفرعي العام تاريخ
651 04 - المدخل الاضافى بالموضوع - اسم جغرافى
الاسم الجغرافي ماليزيا
التقسيم الفرعي العام الاحوال السياسية
التقسيم الفرعي الزمني عصر مهاتير محمد
942 ## - عناصر المدخل الإضافي( كوها)
مصدر التصنيف او مخطط الترفيف Dewey Decimal Classification
Koha [default] item type كتاب
260 ## - PUBLICATION, DISTRIBUTION, ETC. (IMPRINT)
-- االقاهرة :
-- دار الفاروق للاستثمارات الثقافية ،
Holdings
حالة التراجع حالة الفقد حالة تلف ليس للاعارة المكان المؤقت الموقع الحالى تاريخ الاكتساب اجمالي اﻻعارات رقم الطلب الباركود تاريخ اخر مشاهدة تاريخ تفعيل السعر نوع وعاء كوها
        مكتبة القاهرة الكبرى مكتبة القاهرة الكبرى 03/29/2015   923.1595\ ع ر 159955 03/29/2015 03/29/2015 كتاب

Powered By

EGPV